| 000 | 00361nam a2200133Ia 4500 | ||
|---|---|---|---|
| 008 | 150202s9999 xx 000 0 und d | ||
| 020 | _a671027662 | ||
| 050 |
_aFIC _bFIC |
||
| 100 | _aDelinsky, Barbara. | ||
| 245 |
_aCoast road / _cBarbara Delinsky. |
||
| 260 |
_aNew York : _bPocket Star Books, _c1998. |
||
| 300 |
_a447 pages : _c18 cm. |
||
| 650 | _aFiction. | ||
| 999 |
_c281972 _d281972 |
||